| 000 -LEADER |
| fixed length control field |
01778cam a2200445 i 4500 |
| 001 - CONTROL NUMBER |
| control field |
964624671 |
| 003 - CONTROL NUMBER IDENTIFIER |
| control field |
OCoLC |
| 005 - DATE AND TIME OF LATEST TRANSACTION |
| control field |
20190814111250.0 |
| 008 - FIXED-LENGTH DATA ELEMENTS--GENERAL INFORMATION |
| fixed length control field |
161117s2017 si ab b 001 0 eng c |
| 010 ## - LIBRARY OF CONGRESS CONTROL NUMBER |
| LC control number |
2016053371 |
| 020 ## - INTERNATIONAL STANDARD BOOK NUMBER |
| International Standard Book Number |
9781119062493 |
| Qualifying information |
paperback |
| 020 ## - INTERNATIONAL STANDARD BOOK NUMBER |
| International Standard Book Number |
1119062497 |
| Qualifying information |
paperback |
| 024 8# - OTHER STANDARD IDENTIFIER |
| Standard number or code |
40027280870 |
| 035 ## - SYSTEM CONTROL NUMBER |
| System control number |
(OCoLC)964624671 |
| 040 ## - CATALOGING SOURCE |
| Original cataloging agency |
NIC/DLC |
| Language of cataloging |
eng |
| Description conventions |
rda |
| Transcribing agency |
COO |
| Modifying agency |
DLC |
| -- |
OCLCF |
| -- |
OCLCQ |
| -- |
SINLB |
| -- |
YDX |
| -- |
YDX |
| -- |
OCLCO |
| -- |
YUS |
| -- |
NYP |
| 042 ## - AUTHENTICATION CODE |
| Authentication code |
pcc |
| 043 ## - GEOGRAPHIC AREA CODE |
| Geographic area code |
as----- |
| 049 ## - LOCAL HOLDINGS (OCLC) |
| Holding library |
NYPP |
| 082 00 - DEWEY DECIMAL CLASSIFICATION NUMBER |
| Classification number |
959 SHO |
| Edition number |
23 |
| 091 ## - MICROFILM SHELF LOCATION (AM) [OBSOLETE] |
| Microfilm shelf location |
959 |
| 245 12 - TITLE STATEMENT |
| Title |
A short history of South-East Asia / |
| Statement of responsibility, etc. |
Edited by Peter Church. |
| 250 ## - EDITION STATEMENT |
| Edition statement |
6th edition. |
| 264 #1 - PRODUCTION, PUBLICATION, DISTRIBUTION, MANUFACTURE, AND COPYRIGHT NOTICE |
| Place of production, publication, distribution, manufacture |
Singapore : |
| Name of producer, publisher, distributor, manufacturer |
John Wiley & Sons Singapore Pte. Ltd., |
| Date of production, publication, distribution, manufacture, or copyright notice |
[2017] |
| 300 ## - PHYSICAL DESCRIPTION |
| Extent |
xviii, 252 pages : |
| Other physical details |
illustrations, maps ; |
| Dimensions |
22 cm. |
| 336 ## - CONTENT TYPE |
| Content type term |
text |
| Content type code |
txt |
| Source |
rdacontent. |
| 337 ## - MEDIA TYPE |
| Media type term |
unmediated |
| Media type code |
n |
| Source |
rdamedia. |
| 338 ## - CARRIER TYPE |
| Carrier type term |
volume |
| Carrier type code |
nc |
| Source |
rdacarrier. |
| 504 ## - BIBLIOGRAPHY, ETC. NOTE |
| Bibliography, etc. note |
Includes bibliographical references and index. |
| 505 0# - FORMATTED CONTENTS NOTE |
| Formatted contents note |
Brunei -- Cambodia -- East Timor -- Indonesia -- Lao PDR -- Malaysia -- Myanmar -- Philippines -- Singapore -- Thailand -- Vietnam. |
| 520 ## - SUMMARY, ETC. |
| Summary, etc. |
"This book will aid readers' knowledge of this region by addressing its historical past and political future. It is based around a prophetic observation of Lee Kuan Yew, the legendary former Prime Minister of Singapore, that "to understand the present and to anticipate the future, one must know enough of the past, enough to have a sense of the history of a people"-- |
| Assigning source |
Provided by publisher. |
| 651 #0 - SUBJECT ADDED ENTRY--GEOGRAPHIC NAME |
| Geographic name |
Southeast Asia |
| General subdivision |
History. |
| 700 ## - ADDED ENTRY--PERSONAL NAME |
| Personal name |
Church, Peter |
| Relator term |
Editor |
| 901 ## - LOCAL DATA ELEMENT A, LDA (RLIN) |
| a |
MARS |
| 901 ## - LOCAL DATA ELEMENT A, LDA (RLIN) |
| a |
MARS |
| 901 ## - LOCAL DATA ELEMENT A, LDA (RLIN) |
| a |
kff |
| b |
CATBL |
| 908 00 - PUT COMMAND PARAMETER (RLIN) |
| Put command parameter |
DS525 |
| 942 ## - ADDED ENTRY ELEMENTS (KOHA) |
| Source of classification or shelving scheme |
|
| Koha item type |
Books - Non Ficton |
| 945 ## - LOCAL PROCESSING INFORMATION (OCLC) |
| a |
.b214696510 |
| 946 ## - LOCAL PROCESSING INFORMATION (OCLC) |
| a |
m |